00600nam a2200133Ia 4500008004100000100004200041245008300083245015100166260005300317260000900370300001100379650001500390856006100405170221s9999 xx 000 0 und d aElena Y. Levina, Nikolai Y. Kruglikov 4aThe Manageability of the Educational System: Characteristics and Optimization  cElena Y. Levina, Nikolai Y. Kruglikov, Irina V. Krasina, Yuliа V. Mishina, Alina N. Lugova, Olga V. Railian, Olga V. Ruzakova, Irina Z. Shakhnina bInternational Review of Management and Marketing c2016 a6 : 2S xMarketing. uhttp://www.econjournals.com/index.php/irmm/issue/view/71